UNA CONJUNCION DE VOCES Y SILENCIOS : DECIR Y DECIRSE MAESTRO /

INCLUYE BILIOGRAFIA

Guardado en:
Bibliografiske detaljer
Andre forfattere: Blanco de Aiello, Marta (autor) (autor)
Format: Bog
Serier:(Alma y Tiza ; 1)
Fag:
Tags: Tilføj Tag
Ingen Tags, Vær først til at tagge denne postø!

MARC

LEADER 00000nam^a2200000^a^4500
001 000248547
005 20250521000000.0
009 20260310105653.508
020 |a 950-525-357-5 
035 |a 072217 
037 |a Acervo Xavier Clavigero 
082 |a 371. 102  |b CON 
245 1 4 |a UNA CONJUNCION DE VOCES Y SILENCIOS :  |b DECIR Y DECIRSE MAESTRO /  |c MARTA BLANCO DE AIELLO ...[ET AL.] 
264 |a BUENOS AIRES :  |b STELLA,  |c 2000 
300 |a 73 p. 
336 |a texto  |b txt  |2 rdacontenido 
337 |a sin mediación  |b n  |2 rdamedio 
338 |a volumen  |b nc  |2 rdasoporte 
440 |a (Alma y Tiza ;  |v 1) 
520 |a INCLUYE BILIOGRAFIA 
649 |a XX 
650 |a Educación 
650 |a Formación y Capacitación de Profesores 
700 |a Blanco de Aiello, Marta  |e (autor) 
910 |a Fondo General 
920 |a Impresos - Libros 
930 |a Colección General 
905 |a 101 
901 |a 072217  |b IT1  |c ACC  |i 072217  |u 20250521 
902 |a https://opac.biblio.iteso.mx/vufind/Record/000248547